| 000 | 00920nas a2200289 4500 | ||
|---|---|---|---|
| 001 | BR9604548 | ||
| 003 | BR-BrBNA | ||
| 005 | 20231205094851.0 | ||
| 007 | ta | ||
| 008 | 230509b bl.|||p| |||| 00| 00por d | ||
| 040 |
_aBR-BrBNA _bpor _cBiblioteca Nacional de Agricultura |
||
| 041 | _a(Pt) | ||
| 072 | _aP06 | ||
| 100 | 1 | _aMagalhaes, M.M. dos A. | |
| 100 | 1 | _aVairo, M.L.R. | |
| 100 | 1 | _aBorzani, W. | |
| 245 | 1 | _aInfluencia da adicao de fonte de nitrogenio ao mosto do teor de proteina da levedura residual da fermentacao alcoolica de melaco de cana-de-acucar | |
| 650 | _aMelaco | ||
| 650 | _aFermentacao Alcoolica | ||
| 650 | _aSulfato de Amonia | ||
| 650 | _aUreia | ||
| 650 | _aFermento | ||
| 650 | _aProteina | ||
| 773 | 0 |
_tRevista Brasileira de Tecnologia (Brazil) _xISSN 0100-6711 _g(Mar 1980), v. 11(1) p. 13-21 _wBR9604548 |
|
| 909 |
_a202311 _bLúcia _c55 _dLúcia Elande |
||
| 942 |
_2AGRIS _n0 _cANA |
||
| 999 |
_c147446 _d147446 |
||